<?xml version='1.0' encoding='UTF-8'?>
  <record xmlns="http://www.loc.gov/MARC21/slim">
    <leader>00000cam a22000007i 4500</leader>
    <controlfield tag="001">ocn967572793</controlfield>
    <controlfield tag="003">OCoLC</controlfield>
    <controlfield tag="005">20250109024712.8</controlfield>
    <controlfield tag="008">991018s1787    be            000 0 fre d</controlfield>
    <datafield tag="040" ind1=" " ind2=" ">
      <subfield code="a">QGJ</subfield>
      <subfield code="b">dut</subfield>
      <subfield code="c">QGJ</subfield>
    </datafield>
    <datafield tag="035" ind1=" " ind2=" ">
      <subfield code="a">(OCoLC)967572793</subfield>
    </datafield>
    <datafield tag="245" ind1="0" ind2="0">
      <subfield code="a">Histoire de Jean de Calais :</subfield>
      <subfield code="b">sur de nouveaux mémoires /</subfield>
      <subfield code="c">[par Madeleine A. de Gomez-Poisson].</subfield>
    </datafield>
    <datafield tag="260" ind1=" " ind2=" ">
      <subfield code="a">A Liége :</subfield>
      <subfield code="b">chez F. J. Desoer,</subfield>
      <subfield code="c">1787.</subfield>
    </datafield>
    <datafield tag="300" ind1=" " ind2=" ">
      <subfield code="a">113 p. ;</subfield>
      <subfield code="c">in-12 (18 cm)</subfield>
    </datafield>
    <datafield tag="336" ind1=" " ind2=" ">
      <subfield code="a">text</subfield>
      <subfield code="b">txt</subfield>
      <subfield code="2">rdacontent</subfield>
    </datafield>
    <datafield tag="337" ind1=" " ind2=" ">
      <subfield code="a">unmediated</subfield>
      <subfield code="b">n</subfield>
      <subfield code="2">rdamedia</subfield>
    </datafield>
    <datafield tag="338" ind1=" " ind2=" ">
      <subfield code="a">volume</subfield>
      <subfield code="b">nc</subfield>
      <subfield code="2">rdacarrier</subfield>
    </datafield>
    <datafield tag="340" ind1=" " ind2=" ">
      <subfield code="m">12-o.</subfield>
    </datafield>
    <datafield tag="490" ind1="1" ind2=" ">
      <subfield code="a">La bibliothèque bleue ;</subfield>
      <subfield code="v">t. 2, p. 3</subfield>
    </datafield>
    <datafield tag="500" ind1=" " ind2=" ">
      <subfield code="a">Imprint: A Liége, chez F. J. Desoer, Imprimeur-Libraire, sur le Pont-d'Isle. 1787.</subfield>
    </datafield>
    <datafield tag="700" ind1="1" ind2=" ">
      <subfield code="a">Gomez-Poisson, Madeleine A. de.</subfield>
    </datafield>
    <datafield tag="710" ind1="0" ind2=" ">
      <subfield code="a">Desoer, F.J. (Luik)</subfield>
      <subfield code="4">prt</subfield>
      <subfield code="0">(NL-LeOCL)111377862</subfield>
    </datafield>
    <datafield tag="830" ind1=" " ind2="3">
      <subfield code="a">La bibliothèque bleue ;</subfield>
      <subfield code="v">t. 2, p. 3.</subfield>
    </datafield>
    <datafield tag="936" ind1=" " ind2=" ">
      <subfield code="a">BATCHLOAD</subfield>
    </datafield>
  </record>